000 00510nam a2200181Ia 4500
008 090124s9999 xx 000 0 und d
082 _b40147
100 _aप्रभावळकर दिलीप
245 _a हसगत
250 _a0
260 _bआ.अ.अंतरकर
_c1998
300 _a224
600 _aप्रभावळकर दिलीप
630 _a हसगत
700 _aप्रभावळकर दिलीप
730 _a हसगत
942 _cBOOK
999 _c104759
_d104759